[Event "Australian op"]
[Site "Brisbane"]
[Date "2017.01.03"]
[Round "2"]
[White "Holt, Kenneth P"]
[Black "Therakam, Clint"]
[Result "1/2-1/2"]
[WhiteElo "1874"]
[BlackElo "1720"]
[PlyCount "131"]
[EventDate "2017.01.02"]
[EventType "swiss"]
[EventRounds "11"]
[EventCountry "AUS"]
[SourceTitle "CBM 176 Extra"]
[Source "ChessBase"]
[SourceDate "2017.03.02"]
[SourceVersion "1"]
[SourceVersionDate "2017.03.02"]
[SourceQuality "1"]

1. d4 f5 2. c4 Nf6 3. Nc3 e6 4. g3 Bb4 5. Bd2 0-0 6. Bg2 d6 7. Nf3 Nbd7 8. Qb3 Bxc3 9. Bxc3 Ne4 10. 0-0 Qe8 11. Nd2 Ndf6 12. Rad1 Qh5 13. Nxe4 fxe4 14. f3 e5 15. dxe5 dxe5 16. Qb5 Re8 17. g4 Qh6 18. h3 Qe3+ 19. Rf2 c6 20. Qb3 h5 21. Bd2 Qc5 22. Be3 Qe7 23. g5 Nh7 24. h4 exf3 25. exf3 Nf8 26. Rfd2 Ng6 27. c5+ Be6 28. Qb4 a5 29. Qe4 Qf7 30. b3 Bd5 31. Qa4 Bxf3 32. Rd7 Re7 33. Rxe7 Nxe7 34. Rd7 Bxg2 35. Kxg2 Qe6 36. Rd6 Qf5 37. Qc4+ Nd5 38. Rxd5 cxd5 39. Qxd5+ Qf7 40. Qxe5 Rf8 41. Qe4 Qf1+ 42. Kg3 Qe1+ 43. Kh3 Qd1 44. Kg3 Qe2 45. g6 Qe1+ 46. Kh3 Qf1+ 47. Kg3 Qf5 48. Qxf5 Rxf5 49. a3 Rf1 50. b4 axb4 51. axb4 Rf6 52. Bg5 Rxg6 53. Kf4 Kf7 54. Ke5 Ra6 55. Kd5 Ke8 56. Bd2 Ra2 57. Bg5 Kd7 58. b5 Ra5 59. Kc4 Ra4+ 60. Kd5 Rg4 61. c6+ bxc6+ 62. bxc6+ Kc7 63. Ke5 Rc4 64. Ke6 Rg4 65. Kf5 Kxc6 66. Kg6 1/2-1/2

[Event "Australian op"]
[Site "Brisbane"]
[Date "2017.01.02"]
[Round "1"]
[White "Therakam, Clint"]
[Black "Halpin, Patrick"]
[Result "0-1"]
[WhiteElo "1720"]
[BlackElo "2108"]
[PlyCount "28"]
[EventDate "2017.01.02"]
[EventType "swiss"]
[EventRounds "11"]
[EventCountry "AUS"]
[SourceTitle "CBM 176 Extra"]
[Source "ChessBase"]
[SourceDate "2017.03.02"]
[SourceVersion "1"]
[SourceVersionDate "2017.03.02"]
[SourceQuality "1"]

1. d4 Nc6 2. c4 e5 3. d5 Bb4+ 4. Bd2 Bxd2+ 5. Qxd2 Nce7 6. Qg5 d6 7. Qxg7 Ng6 8. h4 h5 9. Nf3 Qe7 10. Ng5 Nf6 11. Nc3 Rg8 12. Qh6 Bf5 13. Nf3 Nf4 14. e3 Ng4 0-1